000
00313nam a2200133Ia 4500
005
20260328104304.0
008
260328s9999||||xx |||||||||||||| ||und||
100
_a
Papani, Giovanni
245
0
_a
El Decamerón /
_c
Giovanni Papani
260
_b
El ateneo
300
_a
885 p.
650
_a
CUENTOS
942
_c
BK
999
_c
10704
_d
10704